Analytical microeconomics (exchange production pricing and welfare)/ (Record no. 11647)

MARC details
000 -LEADER
fixed length control field 00680nam a22002297a 4500
005 - DATE AND TIME OF LATEST TRANSACTION
control field 20230918144218.0
008 - FIXED-LENGTH DATA ELEMENTS--GENERAL INFORMATION
fixed length control field 230918b ||||| |||| 00| 0 eng d
020 ## - INTERNATIONAL STANDARD BOOK NUMBER
International Standard Book Number 9789391166625
040 ## - CATALOGING SOURCE
Original cataloging agency IN-DiNC
Transcribing agency IN-DiNC
041 ## - LANGUAGE CODE
Language code of sung or spoken text English
082 ## - DEWEY DECIMAL CLASSIFICATION NUMBER
Classification number 338.5
Item number MUK
100 ## - MAIN ENTRY--PERSONAL NAME
Personal name Mukherjee, Sampat
Relator term Author
245 ## - TITLE STATEMENT
Title Analytical microeconomics (exchange production pricing and welfare)/
Statement of responsibility, etc. by Sampat Mukherjee and David Miller
250 ## - EDITION STATEMENT
Edition statement 1st imp.
260 ## - PUBLICATION, DISTRIBUTION, ETC.
Place of publication, distribution, etc. New Delhi:
Name of publisher, distributor, etc. Global net publication,
Date of publication, distribution, etc. 2022.
300 ## - PHYSICAL DESCRIPTION
Extent 648+19p.
650 ## - SUBJECT ADDED ENTRY--TOPICAL TERM
Topical term or geographic name entry element Welfare economics
650 ## - SUBJECT ADDED ENTRY--TOPICAL TERM
Topical term or geographic name entry element Consumer behaviour
650 ## - SUBJECT ADDED ENTRY--TOPICAL TERM
Topical term or geographic name entry element Game theory
700 ## - ADDED ENTRY--PERSONAL NAME
Personal name Miller, David
Relator term Author
942 ## - ADDED ENTRY ELEMENTS (KOHA)
Source of classification or shelving scheme Dewey Decimal Classification
Koha item type Books
Holdings
Withdrawn status Lost status Source of classification or shelving scheme Damaged status Not for loan Collection code Home library Current library Shelving location Date acquired Cost, normal purchase price Total Checkouts Full call number Barcode Date last seen Date last checked out Copy number Price effective from Koha item type
    Dewey Decimal Classification     Economics Central Library, Naharkatiya College Central Library, Naharkatiya College General Stacks 18/09/2023 699.00 3 338.5 MUK 29536 04/09/2025 14/11/2023 1 18/09/2023 Books

Naharkatiya College © 2020. All rights reserved.

Powered By